| 000 | 00921nas a2200301 4500 | ||
|---|---|---|---|
| 001 | BR2017000480 | ||
| 003 | BR-BrBNA | ||
| 005 | 20231205130830.0 | ||
| 007 | ta | ||
| 008 | 230509b bl.|||p| |||| 00| 00por d | ||
| 040 |
_aBR-BrBNA _bpor _cBiblioteca Nacional de Agricultura |
||
| 041 | _a(En) | ||
| 072 | _aM12 | ||
| 100 | 1 | _aMello, S.C.R.P. | |
| 100 | 1 | _aOliveira, R.R. de | |
| 100 | 1 | _aPereira, M.M. | |
| 100 | 1 | _aRodrigues, E. | |
| 100 | 1 | _aSilva, W.N. | |
| 100 | 1 | _aSeixas Filho, J.T. de | |
| 245 | 1 | _aDevelopment of a water recirculating system for bullfrog production: technogical innovation for small farmers | |
| 650 | _aRÃ TOURO | ||
| 650 | _aRANICULTURA | ||
| 650 | _aGANHO DE PESO | ||
| 650 | _aÁGUA | ||
| 773 | 0 |
_tCiência e Agrotecnologia (Brazil) _xISSN 1413-7054 _g(Jan-Feb 2016), v. 40(1) p. 67-75 _wBR2017000480 |
|
| 909 |
_a202311 _bLúcia _c55 _dLúcia Elande |
||
| 942 |
_2AGRIS _n0 _cANA |
||
| 999 |
_c251526 _d251526 |
||